000 00680nam a2200205Ia 4500
003 OSt
005 20240328120218.0
008 210210b1995 xxu||||| |||| 00| 0 eng d
040 _cAL
041 _aKannada
082 _aK894.9 PARR
100 _aPARAMESHVARA BHATTA (S V).
_9116836
_dಪರಮೇಶ್ವರ ಭಟ್ಟ (ಎಸ್ ವಿ)
245 _aRasarushi Kuvempu: Modala samputa.
_bರಸರುಚಿ ಕುವೆಂಪು : ಮೊದಲ ಸಂಪುಟ
260 _aMaisuru
_bPrasaranga, Maisuru Vishvavidyalaya.
_c1995
300 _a318
650 _aKuvempu Puttappa K V
_9116837
690 _aKannada Criticism
_9116838
906 _a060427
942 _2ddc
_cBK
999 _c107414
_d107414